[Event "Winnipeg TNT 2019.09"]
[Site "Winnipeg CAN"]
[Date "2019.09.24"]
[Round "4.4"]
[White "Abioye, Yemi"]
[Black "Furda, Ievgeniia-Diana"]
[Result "1-0"]
[WhiteElo "2009"]
[BlackElo "1553"]
[PlyCount "75"]
[EventDate "2019.09.03"]
[EventType "swiss"]
[EventRounds "4"]
[EventCountry "CAN"]

1. e4 e5 2. Nf3 Nc6 3. Bc4 Nf6 4. Ng5 d5 5. exd5 Na5 6. Bb5+ c6 7. dxc6 bxc6 8.
Be2 h6 9. Nf3 e4 10. Ng1 Qc7 11. d4 Bd6 12. h3 Be6 13. c3 Nc4 14. Nd2 Nxd2 15.
Bxd2 c5 16. Qa4+ Bd7 17. Bb5 O-O 18. Bxd7 Nxd7 19. Ne2 Rfe8 20. O-O Rac8 21.
Rad1 Qb7 22. Be3 Nb6 23. Qb3 Qa6 24. dxc5 Bxc5 25. Bxc5 Rxc5 26. Nd4 Rce5 27.
Rfe1 Qc8 28. Nb5 R8e7 29. Nxa7 Rxa7 30. Qxb6 Rd7 31. Rxd7 Qxd7 32. Qd4 Qe6 33.
c4 Kh7 34. b4 f5 35. a4 Qe8 36. a5 Re7 37. a6 Qa8 38. b5 1-0

[Event "Winnipeg TNT 2019.09"]
[Site "Winnipeg CAN"]
[Date "2019.09.24"]
[Round "4.5"]
[White "Klokow, John"]
[Black "Magyar, Peter"]
[Result "1-0"]
[WhiteElo "1672"]
[BlackElo "1482"]
[PlyCount "93"]
[EventDate "2019.09.03"]
[EventType "swiss"]
[EventRounds "4"]
[EventCountry "CAN"]

1. e4 e6 2. d4 d5 3. Nd2 Nf6 4. e5 Nfd7 5. Bd3 Be7 6. Ne2 O-O 7. O-O f6 8. Nf4
Nb6 9. exf6 Bxf6 10. Nf3 Nc6 11. c3 e5 12. dxe5 Nxe5 13. Nxe5 Bxe5 14. Bxh7+
Kxh7 15. Qh5+ Kg8 16. Qxe5 Rf5 17. Qd4 Qe7 18. b3 c5 19. Qe3 Re5 20. Qg3 Bf5
21. Ng6 Bxg6 22. Qxg6 Re8 23. Be3 Nd7 24. Rad1 Nf8 25. Qd3 b6 26. Bf4 Rh5 27.
g4 Rh7 28. Qxd5+ Kh8 29. Rde1 Qd8 30. Qxd8 Rxd8 31. Re2 g6 32. Rfe1 Kg8 33. Re7
Rh3 34. Be5 Rh7 35. Rxh7 Nxh7 36. Bf4 Nf6 37. Bg5 Rd6 38. Bxf6 Rxf6 39. Re8+
Kf7 40. Re2 a5 41. Kg2 b5 42. Re5 Rc6 43. h4 a4 44. h5 Kf6 45. f4 gxh5 46. Rxh5
Rc8 47. Kf3 1-0

[Event "Winnipeg TNT 2019.09"]
[Site "Winnipeg CAN"]
[Date "2019.09.24"]
[Round "4.6"]
[White "Gannon, Keith"]
[Black "Myrzaibraimov, Azamat"]
[Result "1-0"]
[WhiteElo "1470"]
[BlackElo "1591"]
[PlyCount "55"]
[EventDate "2019.09.03"]
[EventType "swiss"]
[EventRounds "4"]
[EventCountry "CAN"]

1. e4 e6 2. d4 d5 3. exd5 exd5 4. Nf3 Bg4 5. Be2 Nf6 6. O-O Bd6 7. Nc3 O-O 8.
Nb5 h6 9. Nxd6 Qxd6 10. Ne5 Bxe2 11. Qxe2 Nbd7 12. Nxd7 Qxd7 13. Re1 Rfe8 14.
Qd1 Qf5 15. Rxe8+ Rxe8 16. c3 Qc2 17. Qf1 Re2 18. f3 b6 19. a4 Nd7 20. a5 b5
21. h3 a6 22. Kh1 Rf2 23. Qg1 Qe2 24. Bf4 Qxb2 25. Bxc7 Rxg2 26. Qe1 Rh2+ 27.
Bxh2 Qxc3 28. Qxc3 1-0

[Event "Winnipeg TNT 2019.09"]
[Site "Winnipeg CAN"]
[Date "2019.09.24"]
[Round "4.7"]
[White "Reimer, Bruce"]
[Black "Trueman, Francis"]
[Result "1/2-1/2"]
[WhiteElo "1580"]
[BlackElo "1462"]
[PlyCount "46"]
[EventDate "2019.09.03"]
[EventType "swiss"]
[EventRounds "4"]
[EventCountry "CAN"]

1. c4 Nf6 2. g3 d6 3. Bg2 g6 4. Nc3 Bg7 5. d4 O-O 6. e4 Nbd7 7. Nge2 Re8 8. h3
e5 9. d5 a5 10. Be3 Nf8 11. Qd2 N8d7 12. a3 Nf8 13. O-O a4 14. c5 Bd7 15. Bg5
dxc5 16. Rfc1 Qc8 17. Kh2 h5 18. Bh6 N8h7 19. Be3 b6 20. d6 Qb7 21. Bh6 Bxh6
22. Qxh6 cxd6 23. f4 Kh8 1/2-1/2

[Event "Winnipeg TNT 2019.09"]
[Site "Winnipeg CAN"]
[Date "2019.09.24"]
[Round "4.8"]
[White "Remillard, John"]
[Black "Mandusic, Ante"]
[Result "1-0"]
[WhiteElo "1598"]
[BlackElo "1204"]
[PlyCount "45"]
[EventDate "2019.09.03"]
[EventType "swiss"]
[EventRounds "4"]
[EventCountry "CAN"]

1. Nf3 Nc6 2. b3 e5 3. Bb2 d6 4. d3 g6 5. e4 Bg7 6. Be2 Nge7 7. Nc3 O-O 8. Qd2
b6 9. h3 a5 10. g4 Qd7 11. O-O-O Ba6 12. Rdg1 b5 13. h4 Qe6 14. h5 b4 15. Nd5
Nxd5 16. exd5 Qxd5 17. Ng5 Bh6 18. Bf3 Qc5 19. Bxc6 Qxc6 20. hxg6 Bxg5 21.
gxh7+ Kh8 22. Qxg5 Bxd3 23. Qf6# 1-0

[Event "Winnipeg TNT 2019.09"]
[Site "Winnipeg CAN"]
[Date "2019.09.24"]
[Round "4.9"]
[White "Ott, Richard"]
[Black "Marshall, Carter"]
[Result "1-0"]
[WhiteElo "1482"]
[BlackElo "1555"]
[PlyCount "39"]
[EventDate "2019.09.03"]
[EventType "swiss"]
[EventRounds "4"]
[EventCountry "CAN"]

1. d4 Nf6 2. c4 c5 3. e3 cxd4 4. exd4 d6 5. Nc3 Bf5 6. Qb3 Nc6 7. Nf3 Qb6 8.
Be3 Nb4 9. Kd2 Bc2 10. Qa3 Ne4+ 11. Nxe4 d5 12. c5 dxe4 13. cxb6 e6 14. Bb5+
Kd8 15. Ne5 Nd5 16. Nxf7+ Kc8 17. Nd6+ Kb8 18. Qc5 Nxb6 19. Bf4 a6 20. Ne8+ 1-0

[Event "Winnipeg TNT 2019.09"]
[Site "Winnipeg CAN"]
[Date "2019.09.24"]
[Round "4.10"]
[White "Myrzaibraimova, Alia"]
[Black "Gregoryanz, Philipp"]
[Result "0-1"]
[WhiteElo "1004"]
[BlackElo "1472"]
[Annotator "aboro"]
[PlyCount "35"]
[EventDate "2019.09.03"]
[EventType "swiss"]
[EventRounds "4"]
[EventCountry "CAN"]

1. e4 e5 2. Nf3 Nc6 3. Bc4 Nf6 4. Ng5 d5 5. exd5 Ne7 6. d6 Qxd6 7. Nxf7 Qc6 8.
Nxh8 Qxc4 9. d3 Qg8 10. Qe2 Qxh8 11. Qxe5 Qg8 12. Qxc7 Qe6+ 13. Be3 Nf5 14. Qa5
b6 15. Qb5+ Bd7 16. Qc4 Rc8 17. Qe4 Nxe3 18. Qxe3 {
scoresheets unclear after this, but Black won in a few more moves.} 0-1

[Event "Winnipeg TNT 2019.09"]
[Site "Winnipeg CAN"]
[Date "2019.09.24"]
[Round "4.11"]
[White "Myrzaibraimova, Aibike"]
[Black "Piche, Zachary"]
[Result "1-0"]
[WhiteElo "1503"]
[BlackElo "1519"]
[PlyCount "67"]
[EventDate "2019.09.03"]
[EventType "swiss"]
[EventRounds "4"]
[EventCountry "CAN"]

1. e4 c5 2. Nf3 d6 3. d4 cxd4 4. Nxd4 Nf6 5. Nc3 a6 6. Bc4 e6 7. Bb3 Nbd7 8.
Bg5 Qc7 9. Qf3 b5 10. Bxf6 Nxf6 11. a3 Bb7 12. O-O Nd7 13. Qe3 Nc5 14. Ba2 Be7
15. b4 e5 16. Ndxb5 axb5 17. bxc5 dxc5 18. Nxb5 Qc6 19. Nc3 Qg6 20. Nd5 Bxd5
21. Bxd5 Rb8 22. Ra2 O-O 23. a4 Rb6 24. a5 Ra6 25. Rb1 Kh8 26. Bc4 Ra7 27. a6
Qd6 28. Rab2 f5 29. exf5 Rxf5 30. Bd3 Rf8 31. Rb7 Rxb7 32. Rxb7 Qd5 33. Qe4 Qf7
34. Qxh7# 1-0

[Event "Winnipeg TNT 2019.10"]
[Site "Winnipeg CAN"]
[Date "2019.10.01"]
[Round "1.1"]
[White "Abioye, Yemi"]
[Black "Myrzaibraimova, Aibike"]
[Result "1-0"]
[WhiteElo "1581"]
[BlackElo "2054"]
[PlyCount "129"]
[EventDate "2019.10.01"]
[EventType "swiss"]
[EventRounds "5"]
[EventCountry "CAN"]

1. e4 e6 2. d4 d5 3. exd5 exd5 4. Nf3 Bd6 5. Bd3 Ne7 6. O-O O-O 7. Bg5 f6 8.
Bh4 Bf5 9. c3 c6 10. Qc2 Qd7 11. Re1 Bxd3 12. Qxd3 Nf5 13. Nbd2 Na6 14. Re2
Rae8 15. Rae1 Re7 16. Bg3 Nxg3 17. Rxe7 Bxe7 18. hxg3 Nc7 19. b4 b5 20. Nh4 Re8
21. Nb3 Bf8 22. Rxe8 Qxe8 23. Kf1 g6 24. Qe2 Qe4 25. Nf3 Qb1+ 26. Ne1 Qf5 27.
Nd3 h5 28. Na5 Qd7 29. Nf4 Kf7 30. Qc2 f5 31. Nd3 Bg7 32. Nc5 Qd6 33. Qe2 Bh6
34. f4 Bg7 35. Kf2 h4 36. Nab7 hxg3+ 37. Kxg3 Qf8 38. Nd7 Qe7 39. Ne5+ Kg8 40.
Na5 g5 41. Naxc6 gxf4+ 42. Kf2 Qh4+ 43. Kg1 a6 44. Nf3 Qf6 45. Nce5 Ne8 46. Nd3
Qc6 47. Nxf4 Nf6 48. Qe5 Qxc3 49. Qe6+ Kh8 50. Qxf5 Qxb4 51. Ng6+ Kg8 52. Kh2
Qd6+ 53. Nfe5 Ne4 54. g4 Bxe5+ 55. dxe5 Qd8 56. Qe6+ Kg7 57. Ne7 Qh8+ 58. Kg2
Qh7 59. Nf5+ Kf8 60. Qxd5 Nc3 61. Qc5+ Kg8 62. Qxc3 Qb7+ 63. Qf3 Qc7 64. Qd5+
Kh7 65. Qe4 1-0

[Event "Winnipeg TNT 2019.10"]
[Site "Winnipeg CAN"]
[Date "2019.10.01"]
[Round "1.2"]
[White "Gregoryanz, Philipp"]
[Black "Konara, Harshani"]
[Result "0-1"]
[WhiteElo "1464"]
[BlackElo "1985"]
[PlyCount "106"]
[EventDate "2019.10.01"]
[EventType "swiss"]
[EventRounds "5"]
[EventCountry "CAN"]

1. e4 c5 2. Nf3 d6 3. Bc4 Nf6 4. e5 dxe5 5. Nxe5 e6 6. d3 Bd6 7. Bf4 O-O 8. Nc3
a6 9. Qf3 Qc7 10. Qe2 b5 11. Bb3 Nc6 12. Nxc6 Bxf4 13. Ne4 Nxe4 14. Qxe4 Bb7
15. Ne7+ Kh8 16. Ng6+ hxg6 17. Qe2 Qe5 18. Qxe5 Bxe5 19. O-O-O Bxg2 20. Rhg1
Bf3 21. Rde1 Bd4 22. Rg3 Bh5 23. Rf1 Kg8 24. c3 Be5 25. f4 Bf6 26. Bd1 Bxd1 27.
Rxd1 Rfd8 28. Rh1 Rd5 29. h4 Rad8 30. Kc2 Rf5 31. Rf3 e5 32. Rhf1 exf4 33. Rxf4
Rxf4 34. Rxf4 Rd5 35. Re4 Re5 36. Rf4 Rh5 37. Re4 Kf8 38. d4 cxd4 39. cxd4 Rxh4
40. Re1 Rxd4 41. Kb3 g5 42. Rc1 Rc4 43. Rh1 g4 44. Rh8+ Ke7 45. Ra8 g3 46. Ra7+
Kd6 47. Rxa6+ Rc6 48. Ra3 g2 49. Kb4 g1=Q 50. Rd3+ Kc7 51. a4 Qc5+ 52. Kb3 Qc4+
53. Ka3 Qxa4# 0-1

[Event "Winnipeg TNT 2019.10"]
[Site "Winnipeg CAN"]
[Date "2019.10.01"]
[Round "1.3"]
[White "Letain, Cory"]
[Black "Nesbitt, Dale"]
[Result "1-0"]
[WhiteElo "1790"]
[BlackElo "1369"]
[PlyCount "63"]
[EventDate "2019.10.01"]
[EventType "swiss"]
[EventRounds "5"]
[EventCountry "CAN"]

1. e4 c5 2. Nf3 d6 3. d4 cxd4 4. Nxd4 Nc6 5. Nc3 a6 6. Be3 Nf6 7. f3 e6 8. Qd2
Be7 9. O-O-O O-O 10. g4 Ne5 11. g5 Nh5 12. h4 g6 13. f4 Ng4 14. Be2 Nxe3 15.
Qxe3 Ng7 16. h5 d5 17. hxg6 fxg6 18. Qh3 Rxf4 19. Qxh7+ Kf7 20. Rh6 Bxg5 21.
Qxg6+ Kg8 22. Qh7+ Kf8 23. Qh8+ Ke7 24. Qxg7+ Kd6 25. e5+ Kc5 26. Nb3+ Kb6 27.
Kb1 Bxh6 28. Qxh6 Rf8 29. Nxd5+ Ka7 30. Nb6 Rf1 31. Nxc8+ Rxc8 32. Rxf1 1-0

[Event "Winnipeg TNT 2019.10"]
[Site "Winnipeg CAN"]
[Date "2019.10.01"]
[Round "1.4"]
[White "Myrzaibraimova, Alia"]
[Black "Bince, Rolando"]
[Result "0-1"]
[WhiteElo "1019"]
[BlackElo "1855"]
[PlyCount "39"]
[EventDate "2019.10.01"]
[EventType "swiss"]
[EventRounds "5"]
[EventCountry "CAN"]

1. e4 Nf6 2. Nc3 d5 3. e5 d4 4. exf6 dxc3 5. fxe7 cxd2+ 6. Qxd2 Qxd2+ 7. Bxd2
Bxe7 8. O-O-O Be6 9. a3 Nd7 10. Nf3 O-O-O 11. Be3 a6 12. Be2 Rhe8 13. Rd2 Nc5
14. Rhd1 Rxd2 15. Rxd2 Ne4 16. Rd4 f5 17. Bd3 Bf6 18. Ra4 Bxb2+ 19. Kxb2 Bd7
20. Rd4 0-1

[Event "Winnipeg TNT 2019.10"]
[Site "Winnipeg CAN"]
[Date "2019.10.08"]
[Round "2.1"]
[White "Letain, Cory"]
[Black "Abioye, Yemi"]
[Result "1/2-1/2"]
[WhiteElo "1790"]
[BlackElo "2054"]
[PlyCount "90"]
[EventDate "2019.10.01"]
[EventType "swiss"]
[EventRounds "5"]
[EventCountry "CAN"]

1. e4 e6 2. d4 d5 3. c4 dxe4 4. Nc3 c5 5. d5 exd5 6. cxd5 Nf6 7. Bg5 Be7 8.
Bxf6 Bxf6 9. Qa4+ Bd7 10. Qxe4+ Qe7 11. Qxe7+ Bxe7 12. Nf3 O-O 13. Bb5 Bf6 14.
Bxd7 Nxd7 15. O-O Rfe8 16. Rfe1 Kf8 17. Rab1 Rxe1+ 18. Rxe1 Re8 19. Re3 Ne5 20.
Nxe5 Bxe5 21. Kf1 f6 22. Ke2 Rd8 23. Rd3 Bd4 24. f3 a6 25. a4 Kf7 26. g4 Kg6
27. f4 f5 28. h3 Kf6 29. Rd2 g5 30. fxg5+ Kxg5 31. gxf5 Kxf5 32. Kd3 Rg8 33.
Kc4 Re8 34. d6 Ke6 35. Re2+ Kd7 36. Rxe8 Kxe8 37. Kd5 Kd8 38. Ne4 b5 39. axb5
axb5 40. Nxc5 Bxb2 41. Kc6 Bf6 42. Kxb5 Ke8 43. Kc6 Kf7 44. d7 Kg6 45. Ne6 Kh5
1/2-1/2

[Event "Winnipeg TNT 2019.10"]
[Site "Winnipeg CAN"]
[Date "2019.10.08"]
[Round "2.2"]
[White "Konara, Harshani"]
[Black "Curtis, Rory"]
[Result "1-0"]
[WhiteElo "1980"]
[BlackElo "1688"]
[PlyCount "77"]
[EventDate "2019.10.01"]
[EventType "swiss"]
[EventRounds "5"]
[EventCountry "CAN"]

1. c4 c6 2. Nc3 d5 3. cxd5 cxd5 4. Nf3 Nf6 5. d3 Nc6 6. g3 d4 7. Ne4 Nxe4 8.
dxe4 e5 9. Bg2 Bb4+ 10. Bd2 Bxd2+ 11. Qxd2 O-O 12. O-O b5 13. Rac1 Bb7 14. Rc5
Qb6 15. Rfc1 f6 16. Nh4 Rad8 17. Nf5 Rf7 18. Qd3 a6 19. Qb3 Kf8 20. Qe6 Re8 21.
Qd6+ Kg8 22. Rxc6 Bxc6 23. Qxc6 Qxc6 24. Rxc6 Ra8 25. Nd6 Raa7 26. Nxf7 Kxf7
27. Bh3 Ke7 28. Be6 a5 29. Bd5 Kd7 30. Kf1 Rc7 31. Rxc7+ Kxc7 32. Ke1 Kb6 33.
Kd2 Kc5 34. Kd3 b4 35. b3 h6 36. Bf7 Kb5 37. Be8+ Kc5 38. f3 g5 39. g4 1-0

[Event "Winnipeg TNT 2019.10"]
[Site "Winnipeg CAN"]
[Date "2019.10.08"]
[Round "2.4"]
[White "Prince, Colin"]
[Black "Furda, Ievgeniia-Diana"]
[Result "1-0"]
[WhiteElo "1887"]
[BlackElo "1597"]
[PlyCount "65"]
[EventDate "2019.10.01"]
[EventType "swiss"]
[EventRounds "5"]
[EventCountry "CAN"]

1. e4 e5 2. Nf3 Nc6 3. Bc4 Nf6 4. d4 exd4 5. O-O Be7 6. e5 Ne4 7. Bd5 Ng5 8.
Nxg5 Bxg5 9. Qh5 O-O 10. Bxg5 Qe8 11. Bf6 Ne7 12. Bxe7 Qxe7 13. Nd2 d6 14. Rae1
c6 15. exd6 Qxd6 16. Bb3 h6 17. Re8 Be6 18. Rxa8 Rxa8 19. Nc4 Qe7 20. Re1 Qf6
21. Nd2 Bxb3 22. axb3 d3 23. cxd3 Qxb2 24. Qd1 Rd8 25. Nc4 Qc3 26. Re3 b5 27.
Ne5 Rd5 28. Nf3 a5 29. d4 Qb4 30. Qb1 Qf8 31. Qe1 Qa3 32. b4 axb4 33. Rxa3 1-0

[Event "Winnipeg TNT 2019.10"]
[Site "Winnipeg CAN"]
[Date "2019.10.08"]
[Round "2.5"]
[White "Crawford, Gary"]
[Black "Czarny, Keith"]
[Result "0-1"]
[WhiteElo "1669"]
[BlackElo "1651"]
[PlyCount "94"]
[EventDate "2019.10.01"]
[EventType "swiss"]
[EventRounds "5"]
[EventCountry "CAN"]

1. e4 e6 2. d4 d5 3. Nc3 c5 4. Nf3 cxd4 5. Nxd4 Bc5 6. Nb3 Bb6 7. exd5 exd5 8.
Qxd5 Qe7+ 9. Qe4 Bf5 10. Qxe7+ Nxe7 11. Bd3 Bxd3 12. cxd3 O-O 13. d4 Re8 14.
O-O Nd7 15. Be3 Nf5 16. Nd5 Nxe3 17. fxe3 Rac8 18. Nxb6 Nxb6 19. Rfe1 f6 20.
Kf2 Rc2+ 21. Re2 Rec8 22. Nc5 Rxe2+ 23. Kxe2 Rc7 24. b3 Nd5 25. Kf3 b6 26. Ne4
Rc2 27. h3 g5 28. g4 Kf7 29. Nd6+ Ke6 30. Nf5 Nb4 31. a3 Nd3 32. d5+ Kxd5 33.
Rd1 Rf2+ 34. Kg3 Ke4 35. Rxd3 Rf3+ 36. Kg2 Rxf5 37. gxf5 Kxd3 38. Kf3 h5 39. a4
a6 40. h4 gxh4 41. Kf4 h3 42. Kg3 Kxe3 43. Kxh3 Kf4 44. Kh4 Kxf5 45. Kxh5 Ke4
46. Kg4 f5+ 47. Kg3 Ke3 0-1

[Event "Winnipeg TNT 2019.10"]
[Site "Winnipeg CAN"]
[Date "2019.10.08"]
[Round "2.8"]
[White "Nesbitt, Dale"]
[Black "Myrzaibraimova, Alia"]
[Result "0-1"]
[WhiteElo "1369"]
[BlackElo "1019"]
[PlyCount "94"]
[EventDate "2019.10.01"]
[EventType "swiss"]
[EventRounds "5"]
[EventCountry "CAN"]

1. e4 e6 2. d4 d5 3. e5 c5 4. Nf3 Nc6 5. c3 Qb6 6. Be2 Nge7 7. O-O Nf5 8. b3
cxd4 9. cxd4 Nfxd4 10. Nxd4 Nxd4 11. Be3 Bc5 12. Re1 Nf5 13. Bxc5 Qxc5 14. Nd2
O-O 15. Rc1 Qd4 16. Nf3 Qxd1 17. Rexd1 Bd7 18. g4 Ne7 19. Rc7 Rfd8 20. h4 b6
21. h5 Kh8 22. Ng5 Kg8 23. Bd3 f5 24. exf6 gxf6 25. Nxh7 Kg7 26. g5 Ng8 27. h6+
Kf7 28. g6+ Ke7 29. Bb5 Kd6 30. Rdc1 Bxb5 31. Rf7 Nxh6 32. Rxf6 Rg8 33. Ng5 Ke5
34. Rxe6+ Kf5 35. f4 Rxg6 36. Rce1 Rxe6 37. Rxe6 Ng4 38. Rd6 Kxf4 39. Rxd5 Bc6
40. Ne6+ Ke4 41. Rg5 Nf6 42. Kf2 Re8 43. Ng7 Rg8 44. Rg6 Ne8 45. Re6+ Kd5 46.
Rxc6 Kxc6 47. Ne6 Rg4 0-1

[Event "Winnipeg TNT 2019.10"]
[Site "Winnipeg CAN"]
[Date "2019.10.15"]
[Round "3.1"]
[White "Bince, Rolando"]
[Black "Konara, Harshani"]
[Result "1/2-1/2"]
[WhiteElo "1855"]
[BlackElo "1985"]
[PlyCount "88"]
[EventDate "2019.10.01"]
[EventType "swiss"]
[EventRounds "5"]
[EventCountry "CAN"]

1. d4 Nf6 2. Nf3 g6 3. g3 Bg7 4. Bg2 d6 5. O-O O-O 6. c4 Nbd7 7. Nc3 c6 8. e4
e5 9. dxe5 dxe5 10. b3 Qc7 11. Ba3 c5 12. Nd5 Qa5 13. Bb2 Re8 14. Bc3 Qd8 15.
Nxf6+ Bxf6 16. Qd2 Qe7 17. Rad1 Nb8 18. Qd6 Nc6 19. Qxe7 Rxe7 20. Rd5 Nd4 21.
Bxd4 cxd4 22. Rd8+ Kg7 23. Bh3 Rc7 24. Rxc8 Rcxc8 25. Bxc8 Rxc8 26. g4 h6 27.
h4 Kf8 28. g5 hxg5 29. hxg5 Bg7 30. Nd2 Ke7 31. Kg2 Ke6 32. Rh1 Rh8 33. Rh3
Rxh3 34. Kxh3 Bf8 35. Kg4 Bd6 36. Kf3 Be7 37. Kg4 Bd6 38. Kf3 Be7 39. Kg4 Bd6
40. Nf1 b6 41. Kf3 Be7 42. Kg4 Bd6 43. Kf3 Be7 44. Kg4 Bd6 1/2-1/2

[Event "Winnipeg TNT 2019.10"]
[Site "Winnipeg CAN"]
[Date "2019.10.15"]
[Round "3.2"]
[White "Czarny, Keith"]
[Black "Abioye, Yemi"]
[Result "0-1"]
[WhiteElo "1651"]
[BlackElo "2054"]
[Annotator "wspe"]
[PlyCount "44"]
[EventDate "2019.10.01"]
[EventType "swiss"]
[EventRounds "5"]
[EventCountry "CAN"]

1. Nf3 c6 2. c4 d5 3. cxd5 cxd5 4. e3 Nf6 5. Nc3 Nc6 6. b3 Bf5 7. Be2 Nb4 8. d3
Rc8 9. Bb2 e6 10. Nh4 Bg6 11. Nxg6 hxg6 12. a3 Nc6 13. Rc1 a6 14. Qd2 Bd6 15.
h3 b5 16. Na2 O-O 17. O-O Bb8 18. Rc2 Qd6 19. g3 Ne7 20. f4 Nf5 21. Kg2 Rxc2
22. Qxc2 Nxe3+ 0-1

[Event "Winnipeg TNT 2019.10"]
[Site "Winnipeg CAN"]
[Date "2019.10.15"]
[Round "3.3"]
[White "Prince, Colin"]
[Black "Letain, Cory"]
[Result "1/2-1/2"]
[WhiteElo "1887"]
[BlackElo "1790"]
[PlyCount "65"]
[EventDate "2019.10.01"]
[EventType "swiss"]
[EventRounds "5"]
[EventCountry "CAN"]

1. c4 c5 2. Nf3 g6 3. d4 Bg7 4. Nc3 cxd4 5. Nxd4 Nc6 6. e3 Nf6 7. Be2 O-O 8.
O-O d5 9. cxd5 Nxd5 10. Bf3 Nxc3 11. bxc3 Bd7 12. Rb1 Qc7 13. Bb2 Ne5 14. Be2
Nc4 15. Ba1 e5 16. Nb5 Bxb5 17. Rxb5 Rad8 18. Qa4 a6 19. Rb4 Nd2 20. Rd1 Rd7
21. f3 Rfd8 22. Qc2 Qc5 23. Kf2 e4 24. Rxd2 Rxd2 25. Qxe4 Rxa2 26. Bb2 Rd2 27.
Qb1 Bxc3 28. Qxa2 Qxb4 29. Bxc3 Qxc3 30. Qa4 Qd3 31. Qe8+ Kg7 32. Qe5+ Kg8 33.
Qe8+ 1/2-1/2

[Event "Winnipeg TNT 2019.10"]
[Site "Winnipeg CAN"]
[Date "2019.10.15"]
[Round "3.4"]
[White "Curtis, Rory"]
[Black "Gregoryanz, Philipp"]
[Result "0-1"]
[WhiteElo "1688"]
[BlackElo "1464"]
[Annotator "wspe"]
[PlyCount "100"]
[EventDate "2019.10.01"]
[EventType "swiss"]
[EventRounds "5"]
[EventCountry "CAN"]

1. d4 d5 2. c4 e6 3. Nc3 Nf6 4. Bg5 Be7 5. e3 Nc6 6. Bd3 e5 7. cxd5 Nxd5 8.
Bxe7 Ndxe7 9. dxe5 Nxe5 10. Be2 Bd7 11. Nf3 N7c6 12. O-O Ng4 13. Bc4 Qe7 14.
Nd5 Qd6 15. Qe2 O-O-O 16. h3 h5 17. Nf4 Nce5 18. Rfd1 Nxf3+ 19. gxf3 Qh6 20.
Bxf7 Qg5 21. Be6 Nxe3+ 22. Kh1 Qxf4 23. Bxd7+ Rxd7 24. fxe3 Qf5 25. Qg2 Rxd1+
26. Rxd1 g5 27. Kg1 Kb8 28. Kf2 g4 29. hxg4 Qc2+ 30. Kg3 Qxd1 31. g5 h4+ 32.
Kh3 Qd7+ 33. Qg4 Qg7 34. f4 Qxb2 35. f5 Qa1 36. Qf3 Qxa2 37. g6 Rf8 38. Kxh4
Qa4+ 39. Kg5 Rh8 40. e4 Qc6 41. f6 Qc1+ 42. Kg4 Qg1+ 43. Kf5 Rh6 44. Qg4 Qf2+
45. Ke6 Qb6+ 46. Kf7 Qd6 47. Kg7 Rh2 48. Qf5 Qd8 49. Kf7 Rh8 50. g7 Qe8# 0-1

[Event "Winnipeg TNT 2019.10"]
[Site "Winnipeg CAN"]
[Date "2019.10.15"]
[Round "3.5"]
[White "Furda, Ievgeniia-Diana"]
[Black "Myrzaibraimova, Alia"]
[Result "1-0"]
[WhiteElo "1597"]
[BlackElo "1019"]
[Annotator "wspe"]
[PlyCount "47"]
[EventDate "2019.10.01"]
[EventType "swiss"]
[EventRounds "5"]
[EventCountry "CAN"]

1. e4 e6 2. d4 d5 3. Nc3 c5 4. dxc5 Bxc5 5. exd5 exd5 6. Nxd5 Qa5+ 7. c3 Qd8 8.
Bf4 Bd6 9. Bg3 Bxg3 10. hxg3 Ne7 11. Bc4 Be6 12. Qd3 Bxd5 13. O-O-O Qb6 14.
Bxd5 Nxd5 15. Qxd5 O-O 16. Qf5 g6 17. Qf4 Kg7 18. Qh6+ Kf6 19. Qxf8 Qxf2 20.
Rd6+ Kg5 21. Qe7+ f6 22. Rd5+ Kg4 23. Qe4+ Kxg3 24. Rh3# 1-0

[Event "Winnipeg TNT 2019.10"]
[Site "Winnipeg CAN"]
[Date "2019.10.22"]
[Round "4.1"]
[White "Abioye, Yemi"]
[Black "Bince, Rolando"]
[Result "1-0"]
[WhiteElo "2054"]
[BlackElo "1855"]
[PlyCount "103"]
[EventDate "2019.10.01"]
[EventType "swiss"]
[EventRounds "5"]
[EventCountry "CAN"]

1. e4 c5 2. Nf3 Nc6 3. d4 cxd4 4. Nxd4 Nf6 5. Nc3 d6 6. Bg5 h6 7. Bh4 a6 8. Qd2
e6 9. Bg3 e5 10. Nb3 Be6 11. Be2 b5 12. f3 Rc8 13. O-O Nh5 14. Bf2 Nf4 15. Bd3
Be7 16. Be3 g5 17. Ne2 Qc7 18. g3 Ng6 19. c3 Na5 20. Nxa5 Qxa5 21. Rfd1 O-O 22.
f4 gxf4 23. gxf4 Nh4 24. Rf1 Bg4 25. f5 Bf6 26. Bxh6 Kh7 27. Bxf8 Rxf8 28. Ng3
Rg8 29. Be2 Qb6+ 30. Kh1 Bh3 31. Bf3 Bxf1 32. Rxf1 Bg5 33. Qe2 Bf4 34. Nh5 Bg5
35. f6 Rg6 36. Bg4 Kh6 37. h3 Qd8 38. Bf5 Nxf5 39. Rxf5 Bxf6 40. Nxf6 Kg7 41.
Qh5 Qh8 42. Qxh8+ Kxh8 43. Ng4 Kg7 44. Kg2 Re6 45. Rf2 Kg6 46. Ne3 f6 47. Rd2
Kg5 48. Kg3 d5 49. Rxd5 Rc6 50. a3 Rb6 51. Rd7 f5 52. exf5 1-0

[Event "Winnipeg TNT 2019.10"]
[Site "Winnipeg CAN"]
[Date "2019.10.22"]
[Round "4.2"]
[White "Konara, Harshani"]
[Black "Prince, Colin"]
[Result "1/2-1/2"]
[WhiteElo "1985"]
[BlackElo "1887"]
[Annotator "wspe"]
[PlyCount "38"]
[EventDate "2019.10.01"]
[EventType "swiss"]
[EventRounds "5"]
[EventCountry "CAN"]

1. c4 Nf6 2. Nc3 e5 3. d3 Bc5 4. e3 Bb6 5. g3 c6 6. Bg2 d5 7. cxd5 cxd5 8. Nge2
Nc6 9. O-O O-O 10. Na4 Bc7 11. e4 dxe4 12. dxe4 Bg4 13. f3 Bh5 14. g4 Bg6 15.
Be3 Qxd1 16. Rfxd1 Rfd8 17. Nac3 Bb6 18. Bxb6 axb6 19. a3 Nd4 1/2-1/2

[Event "Winnipeg TNT 2019.10"]
[Site "Winnipeg CAN"]
[Date "2019.10.22"]
[Round "4.3"]
[White "Gregoryanz, Philipp"]
[Black "Letain, Cory"]
[Result "0-1"]
[WhiteElo "1464"]
[BlackElo "1790"]
[Annotator "wspe"]
[PlyCount "78"]
[EventDate "2019.10.01"]
[EventType "swiss"]
[EventRounds "5"]
[EventCountry "CAN"]

1. e4 e5 2. Nf3 Nf6 3. Nc3 Bb4 4. Nd5 Nxd5 5. exd5 d6 6. c3 Ba5 7. Qa4+ c6 8.
b4 Bb6 9. dxc6 bxc6 10. Be2 O-O 11. O-O Bb7 12. Re1 Nd7 13. d4 e4 14. Nd2 d5
15. Bb2 Qg5 16. Qc2 f5 17. c4 f4 18. Bf1 Nf6 19. cxd5 cxd5 20. Qb3 Kh8 21. Qh3
f3 22. Kh1 Qxd2 23. Rab1 Qxf2 24. Bc3 Bxd4 25. Bxd4 Qxd4 26. gxf3 exf3 27. Qxf3
Ne4 28. Rxe4 dxe4 29. Qg3 e3+ 30. Bg2 Bxg2+ 31. Qxg2 Qd2 32. Qg3 e2 33. Rg1
Qd5+ 34. Qg2 Qxg2+ 35. Kxg2 Rad8 36. Re1 Rd2 37. a4 Rf1 38. Rxe2 Rxe2+ 39. Kxf1
Re4 0-1

[Event "Winnipeg TNT 2019.10"]
[Site "Winnipeg CAN"]
[Date "2019.10.22"]
[Round "4.5"]
[White "Myrzaibraimova, Aibike"]
[Black "Curtis, Rory"]
[Result "0-1"]
[WhiteElo "1581"]
[BlackElo "1688"]
[Annotator "wspe"]
[PlyCount "76"]
[EventDate "2019.10.01"]
[EventType "swiss"]
[EventRounds "5"]
[EventCountry "CAN"]

1. e4 d6 2. d4 Nf6 3. Nc3 g6 4. Bc4 Bg7 5. Nf3 O-O 6. O-O a6 7. a4 Nbd7 8. Bf4
c5 9. dxc5 Nxc5 10. e5 dxe5 11. Bxe5 Bg4 12. Qxd8 Rfxd8 13. Ng5 e6 14. Rfe1 Bf5
15. Re2 h6 16. Nf3 Bg4 17. Re3 Bxf3 18. Rxf3 Nfe4 19. Bxg7 Kxg7 20. Nxe4 Nxe4
21. Rf4 Nf6 22. Bb3 Rd7 23. f3 Rad8 24. c3 Rd2 25. Rb1 Nd5 26. Re4 g5 27. Bxd5
R8xd5 28. Rb4 Rc2 29. g3 Rdd2 30. h4 Rg2+ 31. Kh1 Rxg3 32. hxg5 hxg5 33. Rxb7
Rxf3 34. Rb6 g4 35. Rxa6 g3 36. Rd6 g2+ 37. Kg1 Rh3 38. Rdd1 Rh1# 0-1